000 00444nam a2200157 a 4500
001 000037612
005 20200930080452.0
008 121008s2011 mx 000 0 spa d
020 _a9685146829
040 _aDO-SdBNP
_bspa
_cBNPHU
082 _axxxx
_bxxxx
100 1 _aWilde, Óscar,
_d1854-1900
_912822
245 1 3 _aLa importancia de llamarse Ernesto /
_cÓscar Wilde.
260 _aMéxico, :
_bLeyenda,
_c2011.
300 _a168 p. ;
_c21 cm.
999 _c37102
_d37102